| 000 | 00416nam a2200181Ia 4500 | ||
|---|---|---|---|
| 001 | 14745 | ||
| 003 | GE_BSU | ||
| 008 | 181216s||||||||xx |||||||||||||| ||und|| | ||
| 040 | _cGE_BSU | ||
| 080 | _aპერიოდიკა | ||
| 245 | _aLe Point №2218. 12 mars2014. | ||
| 245 | _b№2188. 21 aout 2014. | ||
| 260 | _aParis | ||
| 260 | _c2015 | ||
| 300 | _a98p.27cm.ill. | ||
| 653 | _aLe Point | ||
| 942 | _cCR | ||
| 999 |
_c47869 _d47869 |
||